000 00839nam a2200277 a 4500
999 _c12061
_d12061
001 12061
003 BD-JhCC
005 20210310084812.0
008 210310s19822015nyua 001 0 eng
020 _a9789339212148
020 _a9339212142
035 _a(BD-JhCC)1261
040 _aDLC
_cDLC
_dDLC
_dBD-JhCC
050 0 0 _aTK3001
_b.S85 1982
082 0 0 _a621.319
_219
_bSTE 2015
100 1 _aStevenson, William D.
245 1 0 _aElements of power system analysis /
_cWilliam D. Stevenson, Jr.
250 _a4th ed.
260 _aNew York :
_bMcGraw-Hill,
_c2015 [reprint].
300 _axii, 436 p. :
_bill. ;
_c25 cm.
440 0 _aMcGraw-Hill series in electrical engineering.
_pPower and energy
500 _aIncludes index.
650 0 _aElectric power distribution.
650 0 _aElectric power systems.
942 _2ddc
_cBK